[Event "GER-ch Seniors"]
[Site "Dresden"]
[Date "2012.08.16"]
[Round "8"]
[White "Reer, Erdmann"]
[Black "Schober, Manfred"]
[Result "1-0"]
[WhiteElo "2062"]
[BlackElo "1917"]
[PlyCount "47"]
[EventDate "2012.08.09"]
[EventType "swiss"]
[EventRounds "9"]
[EventCountry "GER"]
[SourceTitle "EXT 2014"]
[Source "ChessBase"]
[SourceDate "2013.11.20"]
[SourceVersion "1"]
[SourceVersionDate "2013.11.20"]
[SourceQuality "1"]

1. e4 e5 2. Nf3 Nc6 3. Bb5 f5 4. d3 fxe4 5. dxe4 Nf6 6. Nc3 d6 7. h3 Be7 8. a3 0-0 9. Bc4+ Kh8 10. Be3 Qe8 11. Qe2 a6 12. Nd5 Bd8 13. Nd2 Ne7 14. Nxf6 Rxf6 15. 0-0-0 c6 16. Ba2 Ng6 17. Nc4 Bc7 18. g3 Qf8 19. Rdf1 Be6 20. Bb3 d5 21. Nd2 Bg8 22. Bg5 Rd6 23. f4 Re8 24. fxe5 1-0

[Event "GER-ch Seniors"]
[Site "Dresden"]
[Date "2012.08.15"]
[Round "7"]
[White "Bondick, Karl Heinz"]
[Black "Reer, Erdmann"]
[Result "1-0"]
[WhiteElo "2099"]
[BlackElo "2062"]
[PlyCount "125"]
[EventDate "2012.08.09"]
[EventType "swiss"]
[EventRounds "9"]
[EventCountry "GER"]
[SourceTitle "EXT 2014"]
[Source "ChessBase"]
[SourceDate "2013.11.20"]
[SourceVersion "1"]
[SourceVersionDate "2013.11.20"]
[SourceQuality "1"]

1. d4 d5 2. e4 dxe4 3. Nc3 Nf6 4. f3 e3 5. Bxe3 Bf5 6. g4 Bg6 7. Bg2 c6 8. Nge2 h6 9. 0-0 e6 10. Nf4 Bh7 11. Ne4 Be7 12. c4 0-0 13. h3 Nbd7 14. Qb3 Qb6 15. Qc3 Qc7 16. Rad1 Rfd8 17. Nd3 Rac8 18. Bf4 Nxe4 19. fxe4 Bd6 20. e5 Be7 21. b4 Nf8 22. Nf2 Ng6 23. Bh2 Nh4 24. Be4 Bxe4 25. Nxe4 Ng6 26. Rd3 Rd7 27. Rfd1 Qb6 28. a3 Rcd8 29. Qd2 Kh7 30. Bg3 f6 31. exf6 Bxf6 32. c5 Qa6 33. Nxf6+ gxf6 34. Qf2 Rf7 35. Qe3 e5 36. dxe5 Rxd3 37. Qxd3 Qxd3 38. Rxd3 Nxe5 39. Bxe5 fxe5 40. Kg2 Kg6 41. h4 Rf4 42. Kg3 Rc4 43. h5+ Kg5 44. Rd7 Rxg4+ 45. Kf3 e4+ 46. Ke3 Rg3+ 47. Kxe4 Rxa3 48. Rxb7 Rb3 49. Ke5 a5 50. Rg7+ Kxh5 51. bxa5 Rb5 52. Kd6 Rxa5 53. Kxc6 Kh4 54. Kb6 Ra1 55. c6 Rc1 56. c7 h5 57. Kb7 Kh3 58. Rg5 Rxc7+ 59. Kxc7 h4 60. Kd6 Kh2 61. Ke5 h3 62. Kf4 Kh1 63. Kf3 1-0

[Event "GER-ch Seniors"]
[Site "Dresden"]
[Date "2012.08.13"]
[Round "5"]
[White "Roos, Hans Goerg"]
[Black "Reer, Erdmann"]
[Result "1/2-1/2"]
[WhiteElo "2025"]
[BlackElo "2062"]
[PlyCount "70"]
[EventDate "2012.08.09"]
[EventType "swiss"]
[EventRounds "9"]
[EventCountry "GER"]
[SourceTitle "EXT 2014"]
[Source "ChessBase"]
[SourceDate "2013.11.20"]
[SourceVersion "1"]
[SourceVersionDate "2013.11.20"]
[SourceQuality "1"]

1. Nf3 d5 2. g3 c6 3. Bg2 Nf6 4. d3 e6 5. 0-0 Be7 6. Nbd2 0-0 7. e4 Nbd7 8. Re1 dxe4 9. dxe4 e5 10. Nc4 Qc7 11. a4 b5 12. Ncd2 Bb7 13. Nh4 g6 14. Qe2 a6 15. Rd1 Rfd8 16. b3 Nc5 17. a5 Ne6 18. c3 c5 19. Bb2 Rd7 20. c4 Rad8 21. Nhf3 Nxe4 22. Bxe5 Rxd2 23. Nxd2 Qxe5 24. Nxe4 Nd4 25. Rxd4 cxd4 26. cxb5 d3 27. Qe1 Qxb5 28. Qc3 Rc8 29. Qd4 Rd8 30. Qc3 Bxe4 31. Bxe4 d2 32. Rd1 Bb4 33. Qc6 Qxc6 34. Bxc6 Bxa5 35. Kf1 Rd3 1/2-1/2

[Event "GER-ch Seniors 23rd"]
[Site "Halle"]
[Date "2011.08.12"]
[Round "8"]
[White "Andersen, Knut"]
[Black "Reer, Erdmann"]
[Result "1-0"]
[WhiteElo "2093"]
[BlackElo "2062"]
[PlyCount "35"]
[EventDate "2011.08.05"]
[EventType "swiss"]
[EventRounds "9"]
[EventCountry "GER"]
[SourceTitle "CBM 144 Extra"]
[Source "ChessBase"]
[SourceDate "2011.10.28"]
[SourceVersion "1"]
[SourceVersionDate "2011.10.28"]
[SourceQuality "1"]

1. c4 e5 2. Nc3 Nc6 3. g3 g6 4. Bg2 Bg7 5. Rb1 Nge7 6. b4 d6 7. b5 Nd4 8. e3 Ne6 9. Nge2 0-0 10. 0-0 c6 11. bxc6 bxc6 12. Ba3 Qc7 13. Nb5 cxb5 14. Bxa8 bxc4 15. Nc3 Ba6 16. Bg2 Nc5 17. Bxc5 Qxc5 18. Qa4 1-0

[Event "GER-ch Seniors 23rd"]
[Site "Halle"]
[Date "2011.08.05"]
[Round "1"]
[White "Reer, Erdmann"]
[Black "Hartlaub, Marianne"]
[Result "1-0"]
[WhiteElo "2062"]
[BlackElo "1660"]
[PlyCount "43"]
[EventDate "2011.08.05"]
[EventType "swiss"]
[EventRounds "9"]
[EventCountry "GER"]
[SourceTitle "CBM 144 Extra"]
[Source "ChessBase"]
[SourceDate "2011.10.28"]
[SourceVersion "1"]
[SourceVersionDate "2011.10.28"]
[SourceQuality "1"]

1. e4 d6 2. d4 Nf6 3. Bd3 e5 4. c3 Be7 5. Ne2 0-0 6. 0-0 c6 7. Nd2 b5 8. f4 exd4 9. cxd4 Bg4 10. h3 Bxe2 11. Qxe2 Qb6 12. Nf3 Nh5 13. Qf2 c5 14. Be3 Nd7 15. g4 Nhf6 16. g5 Nh5 17. Qh4 g6 18. f5 c4 19. Bc2 h6 20. fxg6 hxg5 21. Qg4 f5 22. exf5 1-0

[Event "GER-ch Seniors 22nd"]
[Site "Berlin"]
[Date "2010.08.20"]
[Round "5"]
[White "Fischer, Paul"]
[Black "Reer, Erdmann"]
[Result "0-1"]
[WhiteElo "1713"]
[BlackElo "1846"]
[PlyCount "132"]
[EventDate "2010.08.16"]
[EventType "swiss"]
[EventRounds "9"]
[EventCountry "GER"]
[SourceTitle "CBM 138 Extra"]
[Source "ChessBase"]
[SourceDate "2010.10.29"]
[SourceVersion "1"]
[SourceVersionDate "2010.10.29"]
[SourceQuality "1"]

1. Nc3 Nf6 2. e4 e5 3. Nf3 Nc6 4. d4 exd4 5. Nd5 Nxd5 6. exd5 Nb4 7. a3 Nxd5 8. Qxd4 Nf6 9. Bg5 Be7 10. Bc4 0-0 11. 0-0 d5 12. Bd3 h6 13. Bd2 c5 14. Qc3 c4 15. Be2 Ne4 16. Qa5 b6 17. Qb5 Nxd2 18. Nxd2 a6 19. Qc6 Rb8 20. c3 Bb7 21. Qa4 Qd6 22. Bf3 b5 23. Qc2 Qf6 24. g3 Bc5 25. Bg2 Rfe8 26. Qd1 d4 27. Bxb7 Rxb7 28. Qh5 dxc3 29. Qxc5 cxd2 30. Qd5 Rbe7 31. Qxd2 Re2 32. Qd7 Qxb2 33. Qc6 Qf6 34. Qxf6 gxf6 35. Rfd1 Rb2 36. Rd6 Re6 37. Rd4 c3 38. Rd8+ Kg7 39. Rc8 Ree2 40. Rxc3 Rxf2 41. h4 Rg2+ 42. Kh1 Rh2+ 43. Kg1 Rbg2+ 44. Kf1 Ra2 45. Rxa2 Rxa2 46. g4 Kg6 47. Rf3 a5 48. Rf5 Rxa3 49. Rxb5 Ra4 50. h5+ Kg7 51. Ke2 Rxg4 52. Rxa5 Rg5 53. Ra4 Rxh5 54. Kf3 Rg5 55. Ra6 Kg6 56. Rb6 Ra5 57. Rb1 h5 58. Rg1+ Rg5 59. Ra1 h4 60. Ra8 Rb5 61. Rg8+ Kf5 62. Rg7 Rb3+ 63. Kg2 Rg3+ 64. Rxg3 hxg3 65. Kxg3 Ke4 66. Kf2 Kf4 0-1

[Event "GER-ch Seniors 22nd"]
[Site "Berlin"]
[Date "2010.08.18"]
[Round "3"]
[White "Hanisch, Friedrich"]
[Black "Reer, Erdmann"]
[Result "1-0"]
[WhiteElo "2035"]
[BlackElo "1846"]
[PlyCount "94"]
[EventDate "2010.08.16"]
[EventType "swiss"]
[EventRounds "9"]
[EventCountry "GER"]
[SourceTitle "CBM 138 Extra"]
[Source "ChessBase"]
[SourceDate "2010.10.29"]
[SourceVersion "1"]
[SourceVersionDate "2010.10.29"]
[SourceQuality "1"]

1. d4 d5 2. Nf3 Nf6 3. e3 c6 4. c4 e6 5. Nc3 Be7 6. Bd3 Nbd7 7. 0-0 0-0 8. Qc2 g6 9. a3 b6 10. e4 dxe4 11. Nxe4 Nxe4 12. Bxe4 Bb7 13. b4 Nf6 14. Bd3 c5 15. dxc5 Bxf3 16. gxf3 bxc5 17. b5 Qc7 18. Be4 Nxe4 19. Qxe4 Bf6 20. Bf4 Qb6 21. Rad1 Rad8 22. Be5 Bxe5 23. Qxe5 f6 24. Qe4 Rd6 25. Rxd6 Qxd6 26. a4 Rd8 27. a5 Kf7 28. Rb1 Qd3 29. b6 Qxe4 30. fxe4 axb6 31. Rxb6 Ra8 32. a6 Ke7 33. Kg2 g5 34. Kg3 h5 35. f4 Kd7 36. Kf3 Ra7 37. h3 Rc7 38. e5 g4+ 39. hxg4 hxg4+ 40. Kxg4 fxe5 41. fxe5 Rc8 42. Kg5 Rg8+ 43. Kf6 Rf8+ 44. Kg7 Rf1 45. Rb7+ Kc6 46. Rf7 Ra1 47. a7 Ra6 1-0

[Event "Bayern-ch Seniors 20th"]
[Site "Bergen"]
[Date "2008.06.13"]
[Round "7.2"]
[White "Reer, Erdmann"]
[Black "Baum, Bernd"]
[Result "0-1"]
[WhiteElo "1925"]
[BlackElo "2153"]
[PlyCount "94"]
[EventDate "2008.06.07"]
[EventType "swiss"]
[EventRounds "9"]
[EventCountry "GER"]
[SourceTitle "EXT 2022"]
[Source "ChessBase"]
[SourceDate "2021.10.06"]
[SourceVersion "1"]
[SourceVersionDate "2021.10.06"]
[SourceQuality "1"]

1. e4 c5 2. Nc3 Nc6 3. g3 g6 4. Bg2 Bg7 5. Nge2 d6 6. d3 h5 7. h4 Nd4 8. Nxd4 cxd4 9. Ne2 Bg4 10. f3 Bd7 11. c3 dxc3 12. bxc3 Rc8 13. Qb3 Qa5 14. Bd2 Qa6 15. d4 Bb5 16. Nc1 Nf6 17. Bf1 Bxf1 18. Rxf1 Nd7 19. Rb1 Nb6 20. Qb5+ Qxb5 21. Rxb5 Rc7 22. Nd3 Kd7 23. Ke2 Nc4 24. Rc1 Rhc8 25. Rb3 b6 26. f4 e5 27. dxe5 dxe5 28. Nxe5+ Nxe5 29. fxe5 Bxe5 30. Be1 Ke6 31. Ra3 Bd6 32. Rb3 Rc4 33. Kf3 Be5 34. Ra3 R8c7 35. Rb3 Rd7 36. Rb4 Rxb4 37. cxb4 Rd3+ 38. Kg2 Re3 39. Bf2 Rxe4 40. Rb1 Re2 41. a4 Ra2 42. a5 bxa5 43. bxa5 Bd4 44. Re1+ Kf5 45. Rf1 Kg4 46. Kg1 Rxf2 47. Rxf2 Kxg3 0-1

[Event "Bayern-ch Seniors 20th"]
[Site "Bergen"]
[Date "2008.06.08"]
[Round "2.16"]
[White "Klinger, Rudolf"]
[Black "Reer, Erdmann"]
[Result "0-1"]
[WhiteElo "1686"]
[BlackElo "1925"]
[PlyCount "58"]
[EventDate "2008.06.07"]
[EventType "swiss"]
[EventRounds "9"]
[EventCountry "GER"]
[SourceTitle "EXT 2022"]
[Source "ChessBase"]
[SourceDate "2021.10.06"]
[SourceVersion "1"]
[SourceVersionDate "2021.10.06"]
[SourceQuality "1"]

1. e4 c6 2. Nf3 d5 3. Nc3 e6 4. d4 Bb4 5. Bd3 dxe4 6. Bxe4 Nf6 7. Qd3 Nxe4 8. Qxe4 Nd7 9. 0-0 Nf6 10. Qh4 Be7 11. Bg5 Nd5 12. Nxd5 cxd5 13. Bxe7 Qxe7 14. Qxe7+ Kxe7 15. b3 Bd7 16. Ne5 Rhc8 17. Nxd7 Kxd7 18. Rac1 Rc3 19. Rfe1 a5 20. a4 Rac8 21. Re2 Rxb3 22. Kf1 Rb4 23. c3 Rxd4 24. Rb2 Rxa4 25. Rxb7+ Rc7 26. Rcb1 Rac4 27. R1b3 Rxb7 28. Rxb7+ Rc7 29. Rb5 Ra7 0-1

[Event "GER-chT Seniors 16th"]
[Site "Halle"]
[Date "2007.09.19"]
[Round "7.3"]
[White "Pamperin, Gerhard"]
[Black "Reer, Erdmann"]
[Result "1/2-1/2"]
[WhiteElo "1944"]
[BlackElo "2090"]
[PlyCount "80"]
[EventDate "2007.09.13"]
[EventType "team"]
[EventRounds "7"]
[EventCountry "GER"]
[SourceTitle "EXT 2008"]
[Source "ChessBase"]
[SourceDate "2007.11.25"]
[SourceVersion "1"]
[SourceVersionDate "2007.11.25"]
[SourceQuality "1"]

1. d4 d5 2. c4 c6 3. Nc3 Nf6 4. e3 e6 5. Nf3 Bd6 6. Qc2 Nbd7 7. Bd2 b6 8. cxd5 cxd5 9. Bd3 Bb7 10. 0-0 Rc8 11. Qa4 Bb8 12. Rac1 0-0 13. Ne2 Re8 14. Bb5 a6 15. Bxa6 Bxh2+ 16. Nxh2 Ra8 17. Qd1 Bxa6 18. a3 Rc8 19. Re1 Ne4 20. Rxc8 Qxc8 21. Nc3 Ndf6 22. Nf3 Qc7 23. Ne5 Nxc3 24. Bxc3 Ne4 25. Qa4 Ra8 26. Rc1 Bb7 27. Qb3 f6 28. Nf3 Rc8 29. Nd2 Nxd2 30. Bxd2 Qd6 31. Ra1 Rc4 32. a4 Ba6 33. Bc3 Kf7 34. f4 f5 35. Kf2 h6 36. a5 b5 37. Bd2 Qc7 38. Kf3 Qe7 39. Rh1 Qd6 40. Ra1 Qe7 1/2-1/2

[Event "GER-chT Seniors 16th"]
[Site "Halle"]
[Date "2007.09.14"]
[Round "2.3"]
[White "Hellwege, Werner"]
[Black "Reer, Erdmann"]
[Result "1/2-1/2"]
[WhiteElo "2030"]
[BlackElo "2090"]
[PlyCount "60"]
[EventDate "2007.09.13"]
[EventType "team"]
[EventRounds "7"]
[EventCountry "GER"]
[SourceTitle "EXT 2008"]
[Source "ChessBase"]
[SourceDate "2007.11.25"]
[SourceVersion "1"]
[SourceVersionDate "2007.11.25"]
[SourceQuality "1"]

1. d4 d5 2. Nf3 Nf6 3. Bf4 c6 4. e3 e6 5. Bd3 Be7 6. h3 Nbd7 7. 0-0 0-0 8. Nbd2 c5 9. c3 b6 10. e4 dxe4 11. Nxe4 Nd5 12. Bh2 Bb7 13. Qe2 N7f6 14. Rad1 Qc8 15. Nd6 Bxd6 16. Bxd6 Rd8 17. dxc5 bxc5 18. Be5 Ne7 19. Bxf6 gxf6 20. Be4 Bxe4 21. Qxe4 Ng6 22. Qc4 Qb7 23. b3 Qb6 24. Qe2 Rxd1 25. Rxd1 Rd8 26. c4 Rxd1+ 27. Qxd1 Kg7 28. Qd2 e5 29. Qd7 Qa5 30. Qa4 Qc7 1/2-1/2

[Event "GER-ch Seniors 18th"]
[Site "Dresden"]
[Date "2006.07.30"]
[Round "9"]
[White "Reer, Erdmann"]
[Black "Kripp, Wolfgang"]
[Result "0-1"]
[WhiteElo "2099"]
[BlackElo "2180"]
[PlyCount "70"]
[EventDate "2006.07.22"]
[EventType "swiss"]
[EventRounds "9"]
[EventCountry "GER"]
[SourceTitle "CBM 113 Extra"]
[Source "ChessBase"]
[SourceDate "2006.09.14"]
[SourceVersion "1"]
[SourceVersionDate "2006.09.14"]
[SourceQuality "1"]

1. e4 Nf6 2. Nc3 e5 3. Nf3 Nc6 4. Bb5 Nd4 5. Nxd4 exd4 6. e5 dxc3 7. exf6 Qxf6 8. dxc3 c6 9. Bd3 d5 10. 0-0 Bd6 11. Re1+ Be6 12. Qh5 h6 13. Bd2 0-0-0 14. Qf3 Qxf3 15. gxf3 g5 16. b4 Kc7 17. Be3 b6 18. Bd4 Rhe8 19. Bf6 Ra8 20. a4 a5 21. b5 c5 22. Be5 Bd7 23. Bxd6+ Kxd6 24. c4 Rxe1+ 25. Rxe1 Re8 26. Rxe8 Bxe8 27. cxd5 Kxd5 28. Be4+ Ke5 29. Kf1 f5 30. Bb7 Kd4 31. Ke2 Kc3 32. Kd1 f4 33. Bc6 Bf7 34. Kc1 Bc4 35. Kb1 Kb4 0-1

[Event "GER-ch Seniors 18th"]
[Site "Dresden"]
[Date "2006.07.22"]
[Round "1"]
[White "Reer, Erdmann"]
[Black "Ollek, Karl Heinz"]
[Result "1/2-1/2"]
[WhiteElo "1892"]
[BlackElo "1708"]
[PlyCount "59"]
[EventDate "2006.07.22"]
[EventType "swiss"]
[EventRounds "9"]
[EventCountry "GER"]
[SourceTitle "EXT 2022"]
[Source "ChessBase"]
[SourceDate "2021.10.06"]
[SourceVersion "1"]
[SourceVersionDate "2021.10.06"]
[SourceQuality "1"]

1. e4 Nf6 2. Nc3 e5 3. Nf3 Nc6 4. Bb5 d6 5. d3 Bd7 6. Bg5 Be7 7. h3 a6 8. Bc4 Na5 9. 0-0 b5 10. Bb3 b4 11. Ne2 c5 12. Bxf6 Bxf6 13. Bd5 Bc6 14. Bxc6+ Nxc6 15. Ng3 0-0 16. Qd2 g6 17. c3 bxc3 18. bxc3 Rb8 19. Rab1 Qe7 20. Nh2 Bg5 21. Qc2 h5 22. Nf3 h4 23. Ne2 Rxb1 24. Rxb1 Rb8 25. d4 Rxb1+ 26. Qxb1 exd4 27. cxd4 Bh6 28. Qd3 a5 29. Nc3 Nxd4 30. Nxd4 1/2-1/2

[Event "Bayern-ch Seniors 18th"]
[Site "Schloss Schney"]
[Date "2006.07.03"]
[Round "9"]
[White "Reer, Erdmann"]
[Black "Wolf, Reinhard"]
[Result "1-0"]
[WhiteElo "1884"]
[BlackElo "1698"]
[PlyCount "49"]
[EventDate "2006.06.25"]
[EventType "swiss"]
[EventRounds "9"]
[EventCountry "GER"]
[SourceTitle "EXT 2007"]
[Source "ChessBase"]
[SourceDate "2006.11.23"]
[SourceVersion "1"]
[SourceVersionDate "2006.11.23"]
[SourceQuality "1"]

1. e4 c5 2. Nc3 Nc6 3. g3 Nf6 4. Bg2 e5 5. Nge2 d6 6. d3 Nd4 7. 0-0 Be7 8. f4 Bg4 9. h3 Bxe2 10. Nxe2 Nxe2+ 11. Qxe2 Nd7 12. f5 Bg5 13. a3 Bxc1 14. Raxc1 Qg5 15. Qf2 h5 16. h4 Qh6 17. d4 Rc8 18. dxc5 dxc5 19. Rcd1 g5 20. fxg6 Qxg6 21. Bh3 Rc7 22. Rxd7 Rxd7 23. Bxd7+ Kxd7 24. Qxf7+ Qxf7 25. Rxf7+ 1-0

[Event "Bayern-ch Seniors 18th"]
[Site "Schloss Schney"]
[Date "2006.07.02"]
[Round "8"]
[White "Lueders, Guenter"]
[Black "Reer, Erdmann"]
[Result "1/2-1/2"]
[WhiteElo "1696"]
[BlackElo "1884"]
[PlyCount "44"]
[EventDate "2006.06.25"]
[EventType "swiss"]
[EventRounds "9"]
[EventCountry "GER"]
[SourceTitle "EXT 2007"]
[Source "ChessBase"]
[SourceDate "2006.11.23"]
[SourceVersion "1"]
[SourceVersionDate "2006.11.23"]
[SourceQuality "1"]

1. d4 d5 2. Nf3 Nf6 3. Bf4 c6 4. Nbd2 e6 5. h3 Bd6 6. Bxd6 Qxd6 7. a3 Nbd7 8. e3 0-0 9. Be2 e5 10. dxe5 Nxe5 11. 0-0 Bd7 12. c3 Rfd8 13. Qc2 Nxf3+ 14. Nxf3 c5 15. Rfd1 Bc6 16. Ne1 Qe7 17. Bf3 Rac8 18. Rd2 d4 19. exd4 cxd4 20. Rxd4 Rxd4 21. cxd4 Qd7 22. Bxc6 Rxc6 1/2-1/2